<?xml version="1.0" encoding="UTF-8"?>
<marc:record xmlns:marc="http://www.loc.gov/MARC21/slim">
   <marc:leader>00000nam a2200000 a 4500</marc:leader>
   <marc:datafield ind1="1" ind2=" " tag="100">
      <marc:subfield code="a">Dicker, Joel</marc:subfield>
      <marc:subfield code="4">aut</marc:subfield>
      <marc:subfield code="e">Verfasser/-in</marc:subfield>
   </marc:datafield>
   <marc:datafield ind1="0" ind2="0" tag="245">
      <marc:subfield code="a">Die Affäre Alaska Sanders</marc:subfield>
   </marc:datafield>
   <marc:datafield ind1="0" ind2="0" tag="245">
      <marc:subfield code="b">Roman</marc:subfield>
   </marc:datafield>
   <marc:datafield ind1=" " ind2="1" tag="264">
      <marc:subfield code="b">Piper</marc:subfield>
      <marc:subfield code="c">2023</marc:subfield>
   </marc:datafield>
   <marc:datafield ind1="1" ind2=" " tag="520">
      <marc:subfield code="a">Endlich - die Fortsetzung von Joël Dickers Weltbestseller »Die Wahrheit über den Fall Harry Quebert«

April 1999. Im friedlichen Mount Pleasant an der amerikanischen Ostküste wird die Leiche der jungen Alaska Sanders geborgen. Die Geständnisse eines Verdächtigen und seines Komplizen genügen, um die Ermittlungen zu einem raschen Erfolg zu führen.

Juni 2010. Sergeant Perry Gahalowood, der seinerzeit von der Schuld des Verdächtigen restlos überzeugt war, erhält anonym eine verstörende Nachricht. Was, wenn er damals die falsche Fährte verfolgt hat? Gemeinsam mit seinem Freund, dem Schriftsteller Marcus Goldman, dessen Erfolg »Die Wahrheit über den Fall Harry Quebert« vor der Verfilmung steht, rollt er den Fall neu auf - und fördert Details aus Alaskas Vergangenheit zutage, die die damaligen Ereignisse in ein völlig anderes Licht rücken ...

»Eine großartige Fortsetzung, überbordend, sehr böse und virtuos. Lassen Sie sich drauf ein!« Le Parisien weekend</marc:subfield>
   </marc:datafield>
   <marc:datafield ind1=" " ind2=" " tag="020">
      <marc:subfield code="a">9783492071963</marc:subfield>
      <marc:subfield code="9">9783492071963</marc:subfield>
   </marc:datafield>
</marc:record>
